| 000 | 00939cam a2200265 4500 | ||
|---|---|---|---|
| 001 | bimo0001886529 | ||
| 003 | DO-SdBNP | ||
| 005 | 20220831111337.0 | ||
| 008 | 031009s2003 sp | ||| ||spa | ||
| 020 | _a8497643801 | ||
| 040 |
_aBPMSU _bspa _cBPMSU |
||
| 082 | 4 |
_a610 _bH565e 2003 _222 |
|
| 100 | 1 |
_aHerreros Ruiz Valdepeñas, Benjamín _d1973- _0 |
|
| 245 | 1 | 0 |
_aEntienda a su médico _bcomprender las pruebas diagnósticas : análisis, radiología, endoscopia, alergia y neurofisiología _cHerreros Ruiz Valdepeñas _h |
| 246 | 1 | 4 |
_aEntienda a su médico : _baprenda a interpretar informe y pruebas |
| 260 |
_a Madrid, España : _bEDIMAT Libros, _c[2003] |
||
| 300 |
_a208 p. ; _c22 cm |
||
| 490 | 0 |
_aMédico en casa _v10 |
|
| 590 | _6Inventariado, 2022/VM | ||
| 650 | 4 |
_aMédico y paciente. _v _2 |
|
| 650 | 4 | _aExámenes médicos. | |
| 650 | 4 |
_aEnfermedades _vPreguntas y respuestas. |
|
| 910 | _aVMateo V. | ||
| 942 |
_2ddc _cBK |
||
| 999 |
_c14251 _d14251 |
||